Statistics for Philippine Airlines Destinations

Click here to take the quiz!

General Stats

  • This quiz has been taken 110 times
  • The average score is 39 of 55

Answer Stats

CountryCity% Correct
ChinaBeijing
95%
South KoreaSeoul
95%
IndonesiaJakarta
94%
United StatesNew York
94%
AustraliaSydney
93%
United Arab EmiratesDubai
92%
United StatesLos Angeles
92%
ThailandBangkok
90%
ChinaShanghai
90%
United Arab EmiratesAbu Dhabi
89%
United KingdomLondon
89%
CanadaToronto
89%
PhilippinesManila
88%
United StatesSan Francisco
88%
QatarDoha
87%
MalaysiaKuala Lumpur
87%
AustraliaMelbourne
87%
SingaporeSingapore
87%
TaiwanTaipei
87%
CanadaVancouver
87%
Saudi ArabiaRiyadh
86%
New ZealandAuckland
85%
JapanOsaka
83%
Saudi ArabiaJeddah
82%
MacauMacau
82%
AustraliaBrisbane
81%
PhilippinesCebu
81%
ChinaGuangzhou
80%
KuwaitKuwait City
77%
ChinaHong Kong
75%
GuamGuam
73%
VietnamHo Chi Minh City
73%
South KoreaBusan
71%
Papua New GuineaPort Moresby
70%
ChinaXiamen
70%
AustraliaDarwin
68%
United StatesHonolulu
68%
JapanNagoya
67%
PhilippinesDavao
64%
IndonesiaDenpasar
61%
RussiaVladivostok
56%
Saudi ArabiaDammam
54%
JapanFukuoka
54%
South KoreaJeju
52%
PhilippinesClark
44%
PhilippinesBacolod
39%
PhilippinesCagayan de Oro
36%
PhilippinesPuerto Princesa
36%
PhilippinesGeneral Santos
33%
PhilippinesKalibo
33%
ChinaNanning
30%
RussiaKhabarovsk
27%
ChinaQuanzhou
26%
JapanTokyo HND
21%
JapanTokyo NRT
21%

Score Distribution

Percentile by Number Answered

Percent of People with Each Score

Your Score History

You have not taken this quiz